Billy Joel Albums Tile Select - Statistics

General Stats
  • This quiz has been taken 107 times
  • The average score is 48 of 54
Answer Stats
Question Tile Select % Correct
the following songs that are on The Stranger (1977). Los Angelenos No
96%
the following songs that are on The Stranger (1977). Movin' Out (Anthony's Song) Yes
96%
the following songs that are on The Stranger (1977). Say Goodbye to Hollywood No
96%
the following songs that are on 52nd Street (1978). She's Always a Woman No
96%
the following songs that are on Piano Man (1973). The Entertainer No
96%
the following songs that are on 52nd Street (1978). Zanzibar Yes
96%
the following songs that are on Glass Houses (1980). It's Still Rock and Roll to Me Yes
95%
the following songs that are on The Stranger (1977). New York State of Mind No
95%
the following songs that are on 52nd Street (1978). All for Leyna No
94%
the following songs that are on Glass Houses (1980). Honesty No
94%
the following songs that are on Storm Front (1989). Leningrad Yes
94%
the following songs that are on The Stranger (1977). Vienna Yes
94%
the following songs that are on An Innocent Man (1983). Allentown No
92%
the following songs that are on Piano Man (1973). Captain Jack Yes
92%
the following songs that are on Piano Man (1973). Everybody Loves You Now No
92%
the following songs that are on An Innocent Man (1983). Goodnight Saigon No
92%
the following songs that are on An Innocent Man (1983). Pressure No
92%
the following songs that are on Glass Houses (1980). Scandinavian Skies No
92%
the following songs that are on The Stranger (1977). Scenes from an Italian Restaurant Yes
92%
the following songs that are on An Innocent Man (1983). Uptown Girl Yes
92%
the following songs that are on Storm Front (1989). We Didn't Start the Fire Yes
92%
the following songs that are on Glass Houses (1980). You May Be Right Yes
92%
the following songs that are on 52nd Street (1978). Just the Way You Are No
91%
the following songs that are on The Stranger (1977). Only the Good Die Young Yes
91%
the following songs that are on The Stranger (1977). Prelude/Angry Young Man No
91%
the following songs that are on Piano Man (1973). She's Got a Way No
91%
the following songs that are on Glass Houses (1980). Sometimes a Fantasy Yes
91%
the following songs that are on Glass Houses (1980). Big Shot No
90%
the following songs that are on Glass Houses (1980). Don't Ask Me Why Yes
90%
the following songs that are on 52nd Street (1978). I Don't Want to Be Alone No
90%
the following songs that are on An Innocent Man (1983). Leave a Tender Moment Alone Yes
90%
the following songs that are on 52nd Street (1978). Stiletto Yes
90%
the following songs that are on An Innocent Man (1983). Big Man on Mulberry Street No
89%
the following songs that are on An Innocent Man (1983). Keeping the Faith Yes
89%
the following songs that are on Glass Houses (1980). Laura No
89%
the following songs that are on 52nd Street (1978). Rosalinda's Eyes Yes
89%
the following songs that are on Piano Man (1973). The Ballad of Billy the Kid Yes
89%
the following songs that are on Storm Front (1989). All About Soul No
88%
the following songs that are on Storm Front (1989). Modern Woman No
88%
the following songs that are on Storm Front (1989). This Is the Time No
88%
the following songs that are on Storm Front (1989). No Man's Land No
87%
the following songs that are on Piano Man (1973). Travelin' Prayer Yes
87%
the following songs that are on Piano Man (1973). Root Beer Rag No
85%
the following songs that are on An Innocent Man (1983). This Night Yes
85%
the following songs that are on Storm Front (1989). I Go to Extremes Yes
83%
the following songs that are on Piano Man (1973). Ain't No Crime Yes
82%
the following songs that are on An Innocent Man (1983). A Matter of Trust No
82%
the following songs that are on 52nd Street (1978). My Life Yes
81%
the following songs that are on Storm Front (1989). And So It Goes Yes
78%
the following songs that are on The Stranger (1977). Everybody Has a Dream Yes
76%
the following songs that are on 52nd Street (1978). Until the Night Yes
76%
the following songs that are on Piano Man (1973). Worse Comes to Worst Yes
75%
the following songs that are on Glass Houses (1980). Close to the Borderline Yes
74%
the following songs that are on Storm Front (1989). Shameless Yes
74%
No matching quizzes found
Score Distribution
Percent of People with Each Score
Percentile by Number Answered
Your Score History
You have not taken this quiz